00218nam a2200097Ia 4500020001900000100002400019245001100043942000800054008004100062999001700103 a9781868510030" aSERVANT DIANA91499 0aUMBANI cBK 210805s9999 xx 000 0 und d c53392d53391